书目信息 |
| 题名: |
人类家园
|
|
| 作者: | 林千 撰稿 | |
| 分册: | ||
| 出版信息: | 杭州 浙江教育出版社 1997 |
|
| 页数: | 150页 | |
| 开本: | 29cm | |
| 丛书名: | 世界科普画廊 | |
| 单 册: | ||
| 中图分类: | N49 , X-49 | |
| 科图分类: | ||
| 主题词: | 自然科学--普及读物 , 环境保护--普及读物 | |
| 电子资源: | ||
| ISBN: | 7-5338-2857-7 | |
| 000 | 00713nam2 2200265 450 | |
| 001 | 1569392285 | |
| 005 | 20150118191655.46 | |
| 010 | @a7-5338-2857-7@b精装@dCNY48.00 | |
| 100 | @a20021005d1997 am y0chiy0110 ea | |
| 101 | 0 | @achi |
| 102 | @aCN@b330000 | |
| 105 | @ay z 000yy | |
| 200 | 1 | @a人类家园@9ren lei jia yuan@f林千等撰稿 |
| 210 | @a杭州@c浙江教育出版社@d1997 | |
| 215 | @a150页@d29cm | |
| 225 | 2 | @a世界科普画廊 |
| 300 | @a国家“九五”出版规划重点图书 | |
| 461 | 0 | @12001 @a世界科普画廊 |
| 606 | 0 | @a自然科学@x普及读物 |
| 606 | 0 | @a环境保护@x普及读物 |
| 690 | @aN49@v5 | |
| 690 | @aX-49@v5 | |
| 701 | 0 | @a林千@9lin qian@4撰稿 |
| 801 | 0 | @aCN@bTSSF@c20150118 |
| 905 | @aZUCC@dN49@eJY173 | |
| 人类家园/林千等撰稿.-杭州:浙江教育出版社,1997 |
| 150页;29cm.-(世界科普画廊) |
| 国家“九五”出版规划重点图书 |
| ISBN 7-5338-2857-7(精装):CNY48.00 |
| ● |
| 相关链接 |
|
|
|
|
正题名:人类家园
索取号:N49/JY173
 
预约/预借
| 序号 | 登录号 | 条形码 | 馆藏地/架位号 | 状态 | 备注 |
| 1 | 7847932 | 278479326 | 学院路分馆/ [索取号:N49/JY173] | 在馆 |